000 00736nam a2200229Ia 4500
003 OSt
005 20220918110807.0
006 a|||||r|||| 00| 0
007 ta
008 220915b |||||||| |||| 00| 0 hin d
024 _a231434
037 _cReference Collections
040 _aARTS
_cARTS
_bhin
041 _2hin
_ahin
082 _aO152,3NM16x, P3.1-.3(RR)
100 _aमिश्र, गोविन्द
245 0 _aचुनी हुई रचनाएँ
246 _aChunī huī rachanāeँ
260 _aदिल्ली
_bवाणी
_c2003
942 _hO152,3NM16x, P3.1-.3(RR)
_cREF
999 _c114798
_d114798